| 000 | 00397nam a2200169Ia 4500 | ||
|---|---|---|---|
| 008 | 230524s9999 xx 000 0 und d | ||
| 020 | _a8171799795 | ||
| 082 |
_a617.03 _bSUN |
||
| 100 | _aS Sunder | ||
| 245 | 0 | _aTextbook of Rehabilitation | |
| 250 | _a2ND | ||
| 260 |
_aNEW DELHI _bJaypee _c2002 |
||
| 300 | _aIV;415 | ||
| 500 | _aQuantity Number: 60 | ||
| 650 | _aBiomedical | ||
| 942 | _cBK | ||
| 999 |
_c38448 _d38448 |
||